| 000 | 00651nam a2200229 a 4500 | ||
|---|---|---|---|
| 001 | 1653 | ||
| 003 | CDMR | ||
| 005 | 20131203172615.0 | ||
| 008 | 130130s1972||||||||||||||||||||||||||||d | ||
| 040 |
_aCDMR _bcat _cCDMR |
||
| 100 | 1 |
_aBaldelli, Pio _91248 |
|
| 245 | 1 | 0 |
_aInformazione e controinformazione _cPio Baldelli |
| 250 | _a2a ed. | ||
| 260 |
_aMilano _c1972 _bMazzotta |
||
| 300 | _a430 p. | ||
| 490 | 0 |
_aBiblioteca di nuova cultura _v4 |
|
| 650 | 0 | 4 |
_9405 _aMitjans de comunicació de massa |
| 650 | 0 | 4 |
_92305 _aComunicació _xAspectes polítics |
| 650 | 0 | 4 |
_94286 _aDesinformació |
| 650 | 0 | 4 |
_93219 _aPeriodisme _xObjectivitat |
| 942 |
_cMON _2udc |
||
| 999 |
_c1653 _d1653 |
||